| 000 | 00416nam a2200133Ia 4500 | ||
|---|---|---|---|
| 008 | 231129s2001||||xx |||||||||||||| ||spa|| | ||
| 020 | _a958-41-0172-2 | ||
| 040 | _bspa | ||
| 082 | _a610.7343 E56 | ||
| 245 | 0 | _aEnfermería comunitaria: Una alianza para la salud / Marilyn B. Klainberg... /et al. | |
| 260 | _c2001 | ||
| 264 | _aMcGraw-Hill Interamericana | ||
| 942 |
_2ddc _cBKS |
||
| 999 |
_c13078 _d13078 |
||